000 00349nam a22001337a 4500
008 181105b xxu||||| |||| 00| 0 eng d
020 _a9780534394141
041 _aeng
080 _a510
100 _a36
101 _aMAT
245 _aIntructor's solutions manual Calculus for the Managerial, Life and Social Science
_cTan, S.T
942 _2udc
_cBK
999 _c51905
_d51905